Handbook of logistics and supply-chain management [vol-2] / (Record no. 938)

000 -LEADER
fixed length control field 00523 a2200145 4500
020 ## - INTERNATIONAL STANDARD BOOK NUMBER
International Standard Book Number 0080435939 (hardcover)
082 ## - DEWEY DECIMAL CLASSIFICATION NUMBER
Classification number 658.5 BRE
100 ## - MAIN ENTRY--PERSONAL NAME
Personal name Brewer,A.M.
245 ## - TITLE STATEMENT
Title Handbook of logistics and supply-chain management [vol-2] /
Statement of responsibility, etc. edited by Ann M. Brewer, Kenneth J. Button, David A. Hensher.
250 ## - EDITION STATEMENT
Edition statement 1st ed.
260 ## - PUBLICATION, DISTRIBUTION, ETC.
Place of publication, distribution, etc. Amsterdam ;
-- New York :
Name of publisher, distributor, etc. Pergamon,
Date of publication, distribution, etc. 2001.
300 ## - PHYSICAL DESCRIPTION
Extent xxi, 545 p. :
Other physical details ill. ;
Dimensions 25 cm.
650 ## - SUBJECT ADDED ENTRY--TOPICAL TERM
Topical term or geographic name entry element Freight and freightage
General subdivision Management.
650 ## - SUBJECT ADDED ENTRY--TOPICAL TERM
Topical term or geographic name entry element Physical distribution of goods.
650 ## - SUBJECT ADDED ENTRY--TOPICAL TERM
Topical term or geographic name entry element Business logistics.
Holdings
Withdrawn status Lost status Damaged status Not for loan Permanent Location Current Location Shelving location Date acquired Total Checkouts Full call number Barcode Date last seen Price effective from Koha item type
        School of Civil and Environmental Engineering (SCEE) School of Civil and Environmental Engineering (SCEE)       658.5 BRE NIT-6134 01/05/2017 01/05/2017 Book
        School of Civil and Environmental Engineering (SCEE) School of Civil and Environmental Engineering (SCEE)         NIT-6780 01/05/2017 01/05/2017 Book
© 2023 Central Library, National University of Sciences and Technology. All Rights Reserved.